|
|
|
|
| LEADER |
03085nam a2200481 4500 |
| 001 |
978-3-030-27282-1 |
| 003 |
DE-He213 |
| 005 |
20191125115407.0 |
| 007 |
cr nn 008mamaa |
| 008 |
191125s2019 gw | s |||| 0|eng d |
| 020 |
|
|
|a 9783030272821
|9 978-3-030-27282-1
|
| 024 |
7 |
|
|a 10.1007/978-3-030-27282-1
|2 doi
|
| 040 |
|
|
|d GrThAP
|
| 050 |
|
4 |
|a BF1-990
|
| 072 |
|
7 |
|a JMH
|2 bicssc
|
| 072 |
|
7 |
|a PSY031000
|2 bisacsh
|
| 072 |
|
7 |
|a JMH
|2 thema
|
| 082 |
0 |
4 |
|a 155.8
|2 23
|
| 100 |
1 |
|
|a Pekerti, Andre A.
|e author.
|4 aut
|4 http://id.loc.gov/vocabulary/relators/aut
|
| 245 |
1 |
0 |
|a n-Culturalism in Managing Work and Life
|h [electronic resource] :
|b A New Within Individual Multicultural Model /
|c by Andre A. Pekerti.
|
| 250 |
|
|
|a 1st ed. 2019.
|
| 264 |
|
1 |
|a Cham :
|b Springer International Publishing :
|b Imprint: Springer,
|c 2019.
|
| 300 |
|
|
|a XIII, 135 p. 8 illus., 6 illus. in color.
|b online resource.
|
| 336 |
|
|
|a text
|b txt
|2 rdacontent
|
| 337 |
|
|
|a computer
|b c
|2 rdamedia
|
| 338 |
|
|
|a online resource
|b cr
|2 rdacarrier
|
| 347 |
|
|
|a text file
|b PDF
|2 rda
|
| 490 |
1 |
|
|a Springer Series in Emerging Cultural Perspectives in Work, Organizational, and Personnel Studies,
|x 2662-4672
|
| 505 |
0 |
|
|a Introduction -- Identity Theory for the n-Culturals -- n-Culturals and Their Identities -- n-Culturalism - A Nuanced Theory of Multicultural Identity -- Double Edges of Acculturation From the n-Culturals' Lens -- Managing and Integrating Multicultural Identities -- Conclusions, Implications and Future Research.
|
| 520 |
|
|
|a This book introduces the concept of n-Culturalism - a play on the notation of sub-sample size indicating that multiple and different samples can exist within a body of work/research. It suggests that n-Culturals are a different type of multicultural individual, with different skills and abilities. At the same time, it contends that because n-Culturals represent a different type of multicultural, they also face different challenges that many non-multicultural individuals do not encounter. Lastly, it discusses the idea that being multicultural is manageable and offers opportunities for those who embrace it rather than avoid it.
|
| 650 |
|
0 |
|a Cross-cultural psychology.
|
| 650 |
|
0 |
|a International business enterprises.
|
| 650 |
1 |
4 |
|a Cross Cultural Psychology.
|0 http://scigraph.springernature.com/things/product-market-codes/Y20100
|
| 650 |
2 |
4 |
|a Science, Humanities and Social Sciences, multidisciplinary.
|0 http://scigraph.springernature.com/things/product-market-codes/A11007
|
| 650 |
2 |
4 |
|a International Business.
|0 http://scigraph.springernature.com/things/product-market-codes/525000
|
| 710 |
2 |
|
|a SpringerLink (Online service)
|
| 773 |
0 |
|
|t Springer eBooks
|
| 776 |
0 |
8 |
|i Printed edition:
|z 9783030272814
|
| 776 |
0 |
8 |
|i Printed edition:
|z 9783030272838
|
| 830 |
|
0 |
|a Springer Series in Emerging Cultural Perspectives in Work, Organizational, and Personnel Studies,
|x 2662-4672
|
| 856 |
4 |
0 |
|u https://doi.org/10.1007/978-3-030-27282-1
|z Full Text via HEAL-Link
|
| 912 |
|
|
|a ZDB-2-BSP
|
| 950 |
|
|
|a Behavioral Science and Psychology (Springer-41168)
|